| 000 | 00506nam a22001937a 4500 | ||
|---|---|---|---|
| 003 | Ost | ||
| 005 | 20200702100827.0 | ||
| 008 | 200702b ||||| |||| 00| 0 eng d | ||
| 020 | _a9780040141698 | ||
| 040 | _cBT-PhCST | ||
| 050 | _a0 | ||
| 082 |
_222 _a005.133 |
||
| 100 | _aBalagurusamy, E. | ||
| 245 |
_aProgramming with java : _ba primer / |
||
| 250 | _a4th ed. | ||
| 260 |
_aNew Delhi, _bTata McGraw Hill Education Pvt. Ltd, _cc2010. |
||
| 300 |
_axvi, 454p. ; _bill. ; _c23 cm. |
||
| 942 |
_2ddc _cIT _01 |
||
| 999 |
_c1262 _d1262 |
||